000 00698nam a2200289Ia 4500
008 160321s9999||||xx |||||||||||||| ||und||
040 _cEnglish
082 _aXI.A/Kincaid
082 _bBORI-10284
100 _aDenis Kincaid
245 4 _aThe Grand Rebel
260 _bForty-eight Pall Mall London
260 _c1937
300 _a329
300 _cB
300 _eHardbound
530 _bB. P. Bahirat
530 _u00062983.pdf
563 _aStudy
600 _aDenis Kincaid
630 _aThe Grand Rebel
650 _a"Politics, History and Historiography"
650 _aGeneral Indology
700 _aDenis Kincaid
730 _aThe Grand Rebel
942 _cBOOK
999 _c1356864
_d1356861